|
|
|
|
| LEADER |
01358nam a2200337 a 4500 |
| 001 |
32585 |
| 003 |
BD-DhAAL |
| 005 |
20211116112811.0 |
| 008 |
180116r20001995enkab bi 001 0 eng d |
| 999 |
|
|
|c 39003
|d 39003
|
| 010 |
|
|
|a 94032184
|
| 020 |
|
|
|a 0521441102
|
| 040 |
|
|
|a DLC
|c DLC
|d DLC
|d BD-DhAAL
|
| 043 |
|
|
|a a-ii---
|
| 050 |
0 |
0 |
|a DS436
|b .N47 1987 pt. 1, vol. 6
|a N7307.S68
|
| 082 |
0 |
0 |
|a 704.948945
|2 23
|
| 100 |
1 |
|
|a Michell, George.
|9 24864
|
| 245 |
1 |
0 |
|a Architecture and art of southern India :
|b Vijayanagara and the successor states /
|c George Michell.
|
| 260 |
|
|
|a Cambridge ;
|a New York :
|b Cambridge University Press,
|c c1995 [reprinted 2000]
|
| 300 |
|
|
|a xxii, 302 pages :
|b illustrations, maps ;
|c 26 cm.
|
| 490 |
|
|
|a The new Cambridge history of India ;
|v I, 6
|
| 504 |
|
|
|a Includes bibliographical references (p. 283-294) and index.
|
| 526 |
|
|
|a AAL
|
| 541 |
|
|
|a Development Book Agency
|e 32585
|
| 590 |
|
|
|a In English.
|
| 650 |
|
0 |
|a Hindu art
|z India, South.
|9 24865
|
| 650 |
|
0 |
|a Art, Indic
|z India, South.
|9 24867
|
| 650 |
|
0 |
|a Architecture.
|9 42709
|
| 852 |
|
|
|a Ayesha Abed Library
|c General Stacks
|
| 942 |
|
|
|2 ddc
|c BK
|
| 952 |
|
|
|0 0
|1 0
|2 ddc
|4 0
|6 704_948945000000000_MIC
|7 0
|9 62598
|a BRACUL
|b BRACUL
|c GEN
|d 2018-01-14
|e Development Book Agency
|g 12550.00
|l 2
|m 1
|o 704.948945 MIC
|p 3010032585
|r 2022-07-06
|s 2022-06-27
|t 1
|v 12550.00
|w 2018-01-14
|y BK
|